00226nam a2200085Ia 4500001000800000005001700008008004100025245005300066260002100119125070420251031150901.0251031s9999 xx 000 0 und d 0cEDDİ ANTERaF-2 KARANLIKTA YÜRÜYEN YABANCI bDESTEK YAYINLARI